Project management: a managerial approach (Record no. 104638)
[ view plain ]
| 000 -LEADER | |
|---|---|
| fixed length control field | 00434cam a2200169 4500 |
| 001 - CONTROL NUMBER | |
| control field | L131092 |
| 008 - FIXED-LENGTH DATA ELEMENTS--GENERAL INFORMATION | |
| fixed length control field | 050927n2006 000 0 eng u |
| 020 ## - INTERNATIONAL STANDARD BOOK NUMBER | |
| International Standard Book Number | 0471742775 |
| 035 ## - SYSTEM CONTROL NUMBER | |
| System control number | (Sirsi) u131092 |
| 100 ## - MAIN ENTRY--PERSONAL NAME | |
| Personal name | Meredith, Jack |
| 245 ## - TITLE STATEMENT | |
| Title | Project management: a managerial approach |
| 250 ## - EDITION STATEMENT | |
| Edition statement | 6th ed |
| 260 ## - PUBLICATION, DISTRIBUTION, ETC. | |
| Place of publication, distribution, etc. | John Wiley & Sons Inc |
| Date of publication, distribution, etc. | 2006 |
| 350 ## - PRICE (NR) (BK AM CF MU VM SE) [OBSOLETE] | |
| Price | 35.95 |
| 520 ## - SUMMARY, ETC. | |
| Summary, etc. | Due for publication October 2006 |
| 942 ## - ADDED ENTRY ELEMENTS (KOHA) | |
| Suppress in OPAC | 0 |
No items available.